| Поле | Инд. | ПП | Название | Значение |
|---|---|---|---|---|
| Тип записи | a | |||
| Библиографический уровень | b | |||
| 001 | Контрольный номер | DU/597859802 | ||
| 005 | Дата корректировки | 20200630193151.6 | ||
| 008 | Кодируемые данные | 20140701 | ||
| 040 | b | Код языка каталог. | rus | |
| e | Правила каталог. | PSBO | ||
| 041 | 0_ | a | Код языка текста | rus |
| 084 | a | Индекс другой классификации/Индекс ББК | 65.263-24 | |
| 100 | 1_ | a | Автор | Назарова В. В. |
| q | Полное имя | Назарова Варвара Вадимовна | ||
| 100 | 1_ | a | Автор | Левичев И. П. |
| q | Полное имя | Левичев Иван Павлович | ||
| 245 | 10 | a | Заглавие | Разработка модели повышения эффективности управления инвестиционным портфелем |
| 504 | a | Библиография | Лит. в конце статьи | |
| 520 | 0_ | a | Аннотация | Разработана комплексная модель оценки эффективного управления инвестиционным портфелем разных типов активов, имеющая в качестве целевой функцию максимизации ожидаемой доходности... |
| 650 | 14 | a | Основная рубрика | инвестиции |
| a | Основная рубрика | финансы | ||
| a | Основная рубрика | экономика | ||
| a | Основная рубрика | экономический анализ | ||
| 653 | 1_ | a | Ключевые слова | акции |
| a | Ключевые слова | доходность инвестиций | ||
| a | Ключевые слова | инвестиционные активы | ||
| a | Ключевые слова | инвестиционный портфель | ||
| a | Ключевые слова | коэффициент Шарпа | ||
| a | Ключевые слова | математическое моделирование | ||
| a | Ключевые слова | модели эффективности | ||
| a | Ключевые слова | модель Марковица | ||
| a | Ключевые слова | нечеткая кластеризация | ||
| a | Ключевые слова | Россия | ||
| a | Ключевые слова | трансакционные издержки | ||
| a | Ключевые слова | управление инвестиционным портфелем | ||
| a | Ключевые слова | фондовый рынок | ||
| a | Ключевые слова | эффективность управления | ||
| 773 | 08 | t | Заглавие источника | Экономический журнал ВШЭ |
| d | Дата издания источника | 2017 | ||
| g | Прочая информация | Т. 21, № 3. - С. 451 - 481 : расчет., схем, граф., табл., диагр. | ||
| w | Контрольный № источника | DU/564500028 | ||
| 901 | t | Тип документа | b |